5HLuxD.jpg

KING HENRY VIII SENIOR AND PRIMARY SCHOOL LIBRARY OPAC

A servant to two masters / (Record no. 2977)

000 -LEADER
fixed length control field 00999cam a2200301 a 4500
001 - CONTROL NUMBER
control field 019628750
003 - CONTROL NUMBER IDENTIFIER
control field UkOxU
005 - DATE AND TIME OF LATEST TRANSACTION
control field 20230914084310.0
008 - FIXED-LENGTH DATA ELEMENTS--GENERAL INFORMATION
fixed length control field 010313s1999 enk 000 d eng d
020 ## - INTERNATIONAL STANDARD BOOK NUMBER
International Standard Book Number 0413748502
020 ## - INTERNATIONAL STANDARD BOOK NUMBER
International Standard Book Number 9780413748508
035 ## - SYSTEM CONTROL NUMBER
System control number (OCoLC)46436264
040 ## - CATALOGING SOURCE
Original cataloging agency JHE
Transcribing agency JHE
Modifying agency BAKER
-- YDXCP
-- OCLCG
-- SINLB
-- BDX
-- OCLCF
-- UkOxU
-- KH8
041 1# - LANGUAGE CODE
Language code of text/sound track or separate title eng
Language code of original ita
082 04 - DEWEY DECIMAL CLASSIFICATION NUMBER
Classification number 822.914 GOL
Edition number 21
100 1# - MAIN ENTRY--PERSONAL NAME
Personal name Goldoni, Carlo,
Dates associated with a name 1707-1793,
Relator term author.
240 10 - UNIFORM TITLE
Uniform title Servitore di due padroni.
Language of a work English
245 12 - TITLE STATEMENT
Title A servant to two masters /
Statement of responsibility, etc. by Carlo Goldoni ; a new adaptation by Lee Hall from a literal translation by Gwenda Pandolfi.
260 ## - PUBLICATION, DISTRIBUTION, ETC.
Place of publication, distribution, etc. London :
Name of publisher, distributor, etc. Methuen,
Date of publication, distribution, etc. 1999.
300 ## - PHYSICAL DESCRIPTION
Extent xxi, 98 pages ;
Dimensions 20 cm.
490 1# - SERIES STATEMENT
Series statement Methuendrama
650 #0 - SUBJECT ADDED ENTRY--TOPICAL TERM
Topical term or geographic name entry element Italian drama
Form subdivision Translations into English.
650 #0 - SUBJECT ADDED ENTRY--TOPICAL TERM
Topical term or geographic name entry element English drama
Chronological subdivision 20th century.
700 1# - ADDED ENTRY--PERSONAL NAME
Personal name Hall, Lee,
Dates associated with a name 1966-
700 1# - ADDED ENTRY--PERSONAL NAME
Personal name Pandolfi, Gwenda,
Relator term translator.
830 #0 - SERIES ADDED ENTRY--UNIFORM TITLE
Uniform title Methuen drama (Series)
942 ## - ADDED ENTRY ELEMENTS (KOHA)
Source of classification or shelving scheme
Koha item type Teaching Resources
Holdings
Withdrawn status Lost status Source of classification or shelving scheme Damaged status Not for loan Collection code Permanent Location Current Location Shelving location Date acquired Full call number Barcode Date last seen Price effective from Koha item type
          Teaching Resources KH8 Senior School Library KH8 Senior School Library Staff Office 2023-09-14 822.914 GOL TRKHSL003133 2023-09-14 2023-09-14 Teaching Resources
          Teaching Resources KH8 Senior School Library KH8 Senior School Library Staff Office 2023-09-14 822.914 GOL TRKHSL003134 2023-09-14 2023-09-14 Teaching Resources
          Teaching Resources KH8 Senior School Library KH8 Senior School Library Staff Office 2023-09-14 822.914 GOL TRKHSL003135 2023-09-14 2023-09-14 Teaching Resources
          Teaching Resources KH8 Senior School Library KH8 Senior School Library Staff Office 2023-09-14 822.914 GOL TRKHSL003136 2023-09-14 2023-09-14 Teaching Resources
          Teaching Resources KH8 Senior School Library KH8 Senior School Library Staff Office 2023-09-14 822.914 GOL TRKHSL003137 2023-09-14 2023-09-14 Teaching Resources
          Teaching Resources KH8 Senior School Library KH8 Senior School Library Staff Office 2023-09-14 822.914 GOL TRKHSL003138 2023-09-14 2023-09-14 Teaching Resources

Powered By KH8 IT Dept